| 000 | 00443nam a2200157Ia 4500 | ||
|---|---|---|---|
| 999 |
_c32655 _d32655 |
||
| 003 | OSt | ||
| 005 | 20201001144624.0 | ||
| 008 | 190216s9999||||xx |||||||||||||| ||und|| | ||
| 040 | _coclc | ||
| 082 |
_a530 _bNOA/T |
||
| 100 |
_aNoakes, G R _94733 |
||
| 245 | 0 |
_aA Text Book Of General Physics / _cG R Noakes |
|
| 260 |
_bMacmillan &co Ltd, _aLondon: _c1963. |
||
| 300 | _a415p | ||
| 942 |
_cBK _2ddc _h530 _iNOA/T _k530 _mNOA/T |
||